000 00276nam a2200109Ia 4500
008 231129s9999||||xx |||||||||||||| ||spa||
082 _aCo863 V297mi
100 _aVargas Vila J. M.
245 0 _aEl minotauro: novela
264 _aMéxico : Medina Hermanos
942 _2ddc
_cBKS
999 _c11702
_d11702